000 04434nam0a2200385 4500
001 RU\NLR\BIBL_A\022066438
005 20240531150431.0
010 _a978-5-7422-8197-9
_940
021 _aRU
_bКН-П-23-063253
_9КН-П-23-6417
035 _a(NLR Aleph) 022066438
035 _a(RuMoRGB)012193523
090 _a12644827
_c12644827
100 _a20231103d2023 k y0rusy50 ca
101 0 _arus
102 _aRU
105 _aa z 010yy
181 0 _ai
_baxxe
182 0 _an
200 1 _aМодели и методы развития технологий машиностроения в условиях цифровизации экономики России
_eсборник статей
_fМинистерство науки и высшего образования Российской Федерации, Санкт-Петербургский политехнический университет Петра Великого, Институт машиностроения, материалов и транспорта, Высшая школа машиностроения
_gпод редакцией доктора технических наук, профессора А. А. Поповича, доктора технических наук, профессора Д. П. Гасюка
203 _aТекст
_bвизуальный
_cнепосредственный
210 _aСанкт-Петербург
_cПолитех-пресс
_cСанкт-Петербургский политехнический университет Петра Великого
_d2023
215 _a157 с.
_cил., табл.
_d20
300 _aНа обл.: Политех, 125
320 _aБиблиогр. в конце ст.
330 _aВ сборнике "Модели и методы развития технологий машиностроения в условиях цифровизации экономики России" представлены 28 статей, подготовленных сотрудниками Высшей школы машиностроения Института машиностроения, материалов и транспорта Санкт-Петербургского политехнического университета Петра Великого, а также представителями других высших учебных заведений и предприятий реального сектора экономики. В сборнике выделены следующие направления: "Машиноведение и технология машиностроения"; "Компьютерные технологии в машиностроении"; "Материаловедение и технология конструкционных материалов"; "Машины и технология обработки металлов давлением"; "Управление качеством в машиностроении". Представленные материалы отражают основные направления исследований, проводимых сотрудниками Высшей школы машиностроения, и могут быть полезны специалистам, работающим в области технологии машиностроения, материаловедения, ремонта и эксплуатации технических устройств и в других инженерно-технических, военно-инженерных и экономических направлениях
606 1 _aМашиностроение
_jСборники
_91221571
_3RU\NLR\AUTH\66178864
675 _a621:004(082)
_v4
686 1 _aК4я43
702 1 _4340
_7ca
_8rus
_aПопович
_bА. А.
_cд-р техн. наук
_gАнатолий Анатольевич
_9261694
_3RU\NLR\AUTH\770261750
712 0 2 _4570
_aСанкт-Петербургский политехнический университет Петра Великого
_bИнститут машиностроения, материалов и транспорта
_bВысшая школа машиностроения
_9814846
_3RU\NLR\AUTH\880574353
942 _cBOOK
980 _aNB